Mehrsprachigkeit und Landeskunde
Výučba cudzích jazykov je jedným z najdôležitejších predpokladov úspešnej existencie európskeho regiónu, ktorý sa vyznačuje jazykovou rozmanitosťou. Kombinácia viacjazyčnosti a regionálnych štúdií umožňuje študentom porozumieť a používať jazyk v kultúrnom kontexte. Prostredníctvom kontaktu s rôznym...
Guardado en:
| Autor principal: | |
|---|---|
| Formato: | Capítulo de libro |
| Lenguaje: | alemán |
| Materias: | |
| Etiquetas: |
Sin Etiquetas, Sea el primero en etiquetar este registro!
|
MARC
| LEADER | 00000naa$a2200000$$$4500 | ||
|---|---|---|---|
| 001 | 0312118 | ||
| 005 | 20260202101738.8 | ||
| 041 | 0 | |a ger | |
| 044 | |a CZ | ||
| 245 | 1 | 0 | |a Mehrsprachigkeit und Landeskunde |c Ingrid Kunovská |
| 520 | |a Výučba cudzích jazykov je jedným z najdôležitejších predpokladov úspešnej existencie európskeho regiónu, ktorý sa vyznačuje jazykovou rozmanitosťou. Kombinácia viacjazyčnosti a regionálnych štúdií umožňuje študentom porozumieť a používať jazyk v kultúrnom kontexte. Prostredníctvom kontaktu s rôznymi kultúrami a ich jazykmi si študenti rozvíjajú povedomie o kultúrnych rozdieloch a podobnostiach. To nielen podporuje interkultúrnu kompetenciu, ale aj schopnosť orientovať sa v rozmanitej spoločnosti. | ||
| 610 | 2 | 0 | |a jazyky cudzie |
| 610 | 2 | 0 | |a jazyk odborný |
| 610 | 2 | 0 | |a komunikácia interkultúrna |
| 610 | 2 | 0 | |a vzdelávanie vysokoškolské |
| 610 | 2 | 0 | |a reálie |
| 610 | 2 | 0 | |a viacjazyčnosť |
| 100 | 1 | |a Kunovská, Ingrid, 1976- | |